000 00453nam a2200181Ia 4500
003 LK-CoDNM
005 20241211111200.0
008 010623t1986 xxu||||| |||| 00| 1 eng d
040 _aLK-CoDNM
_dLK-CoDNM
_eLK-CoDNM
041 _aeng
080 _a954.8715/16[2]
100 _aAbeysinghe,Tikiri
245 _aJaffna Under The Portuguese
260 _bLake House
_aColombo 2
_c1986
300 _b66p. ; 21 cm
650 _aHistory
942 _cBK
999 _c113144
_d113144